A horcajadas en la luz

में बचाया:
ग्रंथसूची विवरण
मुख्य लेखक: Aldunate Phillips, Arturo (लेखक)
स्वरूप: पुस्तक
भाषा:स्पेनिश
प्रकाशित: Valparaíso Universitarias de Valparaíso 1976
संस्करण:1a. ed
विषय:
टैग: टैग जोड़ें
कोई टैग नहीं, इस रिकॉर्ड को टैग करने वाले पहले व्यक्ति बनें!

MARC

LEADER 00000nam a2200000 a 4500
001 UCQ2346
003 CL-VaPUC
008 980724e19760000CL |||||||||||||||||spa|d
082 0 4 |a 523.1  |b ALD  |2 21 
100 0 |a Aldunate Phillips, Arturo  |e author  |9 416224 
245 1 0 |a A horcajadas en la luz 
250 |a 1a. ed 
300 |a 319 p 
942 |c BK 
945 |d 19980724 00:00:00  |a lriquelm 
260 |a Valparaíso  |b Universitarias de Valparaíso  |c 1976 
650 0 |a Astronomía  |9 260985 
650 0 |a Cosmología  |9 269138 
650 7 |a SISTEMA SOLAR  |2 CL-VaPUC  |9 268650 
650 0 |a Universo  |9 266563 
650 0 |a Espacio  |9 336785 
650 0 |a Galaxias  |9 322985 
650 7 |a PLANETAS  |2 CL-VaPUC  |9 352277 
650 7 |a TIERRA  |2 CL-VaPUC  |9 261538 
650 7 |a SATELITES  |2 CL-VaPUC  |9 352279 
650 7 |a CUERPOS Y SISTEMAS ASTRONOMICOS  |2 CL-VaPUC  |9 349871 
650 7 |a MEDICIONES E INSTRUMENTOS ASTRONOMICOS  |2 CL-VaPUC  |9 367660 
650 0 |a Archivo histórico PUCV  |9 255554 
583 |a last modification  |c 20120823 01:53:26  |k Rodrigo Vera 
999 |c 273177  |d 273175 
952 |0 0  |1 0  |4 0  |6 523_100000000000000_ALD_1976  |7 0  |8 A  |9 308541  |a BIBEDU  |b BIBEDU  |d 2019-11-20  |i 144736K  |o 523.1 ALD 1976  |p 144736K  |r 2019-11-20  |w 2019-11-20  |y BK  |k LIT 
952 |0 0  |1 0  |4 0  |6 523_100000000000000_ALD_1976  |7 0  |8 X  |9 308542  |a FDOBUD  |b FDOBUD  |d 2019-11-20  |i 1024574  |o 523.1 ALD 1976  |p 1024574  |r 2019-11-20  |w 2019-11-20  |y BK_X  |k BUD 
952 |0 0  |1 0  |4 0  |6 523_100000000000000_ALD_1976  |7 0  |8 X  |9 308543  |a FDOBUD  |b FDOBUD  |d 2019-11-20  |i 4546059  |o 523.1 ALD 1976  |p 4546059  |r 2019-11-20  |w 2019-11-20  |y BK_X  |k BUD